Burundi : Joint Staff Assessment of the Interim Poverty Reduction Strategy Paper.

The poverty reduction strategy program summarizes the current state of knowledge on poverty in Burundi derived from the participatory process and national consultations. The paper describes Burundi's serious poverty situation and presents a sound poverty reduction strategy that is integrated in...

Volledige beschrijving

Bibliografische gegevens
Coauteur: International Monetary Fund
Formaat: Tijdschrift
Taal:English
Gepubliceerd in: Washington, D.C. : International Monetary Fund, 2004.
Reeks:IMF Staff Country Reports; Country Report ; No. 2004/036
Online toegang:Full text available on IMF
LEADER 01701cas a2200241 a 4500
001 AALejournalIMF002879
008 230101c9999 xx r poo 0 0eng d
020 |c 5.00 USD 
020 |z 9781451802856 
022 |a 1934-7685 
040 |a BD-DhAAL  |c BD-DhAAL 
110 2 |a International Monetary Fund. 
245 1 0 |a Burundi :   |b Joint Staff Assessment of the Interim Poverty Reduction Strategy Paper. 
264 1 |a Washington, D.C. :  |b International Monetary Fund,  |c 2004. 
300 |a 1 online resource (11 pages) 
490 1 |a IMF Staff Country Reports 
500 |a <strong>Off-Campus Access:</strong> No User ID or Password Required 
500 |a <strong>On-Campus Access:</strong> No User ID or Password Required 
506 |a Electronic access restricted to authorized BRAC University faculty, staff and students 
520 3 |a The poverty reduction strategy program summarizes the current state of knowledge on poverty in Burundi derived from the participatory process and national consultations. The paper describes Burundi's serious poverty situation and presents a sound poverty reduction strategy that is integrated into the immediate post-conflict priorities stemming from the Arusha agreement. Peace and democratic governance; reintegration of conflict victims and disadvantaged groups into the economy; private sector development; issues on human capital; HIV/AIDS-related issues; and advancing the role of women in development are the priority areas. 
538 |a Mode of access: Internet 
830 0 |a IMF Staff Country Reports; Country Report ;  |v No. 2004/036 
856 4 0 |z Full text available on IMF  |u http://elibrary.imf.org/view/journals/002/2004/036/002.2004.issue-036-en.xml  |z IMF e-Library